000 nam a22 7a 4500
999 _c1448
_d1448
005 20170509152333.0
008 170509b1983 flu||||| |||| 00| 0 eng d
020 _a0935742077
040 _aAKMAL
082 _a302.2322 INS
090 _a302.2322
_bINS
245 0 0 _aMaking sense of the news.
260 _aSt. Petersburg, Fla. :
_b Modern Media Institute,
_cc1983
300 _a118p
_ccm
710 2 _aModern Media Institute (Saint Petersburg, Fla.).
_bEthics Center
_92865
942 _2ddc
_cBOOK